| 000 | 00898nam a2200289Ia 4500 | ||
|---|---|---|---|
| 003 | OSt | ||
| 005 | 20221007121726.0 | ||
| 006 | a|||||r|||| 00| 0 | ||
| 007 | ta | ||
| 008 | 221006b |||||||| |||| 00| 0 eng d | ||
| 020 | _cRs.100.00 | ||
| 024 | _a6369 | ||
| 037 | _cTextual | ||
| 040 |
_aBDL _cBDL _beng |
||
| 041 |
_2eng _aeng |
||
| 082 | _aJ1.2, N7 Carb | ||
| 100 |
_aChadha K L Ed _9712821 |
||
| 245 | 0 |
_aOrnamentalhorticulture in India: commemorative volume released on the eightieth birthday of Dr B P Pal _b Choudhury B Ed |
|
| 260 |
_aNew _bDelhi Indian Council of Agricultural Research _c1997 |
||
| 300 |
_aviii,217p _ccm. |
||
| 650 |
_a Horticulture _9268957 |
||
| 650 | _a India | ||
| 650 | _aAgriculture | ||
| 700 |
_a Choudhury B Ed _9712822 |
||
| 942 |
_hJ1.2, N7 Carb _cTEXL _2CC |
||
| 999 |
_c1209260 _d1209260 |
||